| 000 | 01534nam a22002177a 4500 | ||
|---|---|---|---|
| 999 |
_c62450 _d62450 |
||
| 003 | Ge_BSU | ||
| 005 | 20241106103914.0 | ||
| 008 | 241106s2002 ge ||||| |||| 00| 0 geo d | ||
| 020 | _a9992883928. | ||
| 041 | _ageo | ||
| 080 | _a616.8 ნ-24 | ||
| 100 |
_aნანეიშვილი, თემურ _912702 |
||
| 245 |
_aსინაფსი - მოლეკულიდან ქცევამდე : მორფოლოგია, ბიოქიმია, ფიზიოლოგია, ფარმაკოლოგია, ქვევა _b [დამხმარე სახელმძღვანელო] / _cთემურ ნანეიშვილი, რედ: თენგიზ ონიანი, თამარ დეკანოსიძე, დავით მიქელაძე. |
||
| 264 |
_a თბილისი: _b მეგობარი, _c 2002. |
||
| 300 |
_a 166 გვ.: _b სურ., ცხ., სქემ., პორტ. _c19 სმ. |
||
| 653 | _aსინაფსი თავის ტვინის ბიოქიმიური პროცესები თავის ტვინის ფიზიოლოგიური პროცესები | ||
| 700 |
_aონიანი, თენგიზ _eრედაქტორი _92638 |
||
| 700 |
_a დეკანოსიძე, თამარ _eრედაქტორი _923634 |
||
| 700 |
_aმიქელაძე, დავით _eრედაქტორი _923635 |
||
| 942 |
_2udc _cBK |
||